| 000 | 00563nam a22001817a 4500 | ||
|---|---|---|---|
| 003 | BD-DhUL | ||
| 005 | 20180315152655.0 | ||
| 008 | 180315s1982 nyua|||| |||| 00| 0 eng d | ||
| 040 |
_aBD-DhUL _cBD-DhUL |
||
| 082 |
_a305.26 _bUNR |
||
| 110 | 2 | _aUnited Nations | |
| 245 | 1 | 0 |
_aReport of the world assembly on going : _cUnited Nations |
| 260 |
_aNew York : _bUnited Nations, _c1982. |
||
| 300 |
_aiv, 101 p. : _bill. ; _c27 cm |
||
| 504 | _a"Vienna, 26 July to 6 August 1982" Includes bibliographical references | ||
| 650 | 0 | _aOlder people | |
| 942 |
_2ddc _cBK |
||
| 999 |
_c239328 _d239328 |
||